000 00254 a2200097 4500
020 _a9788171309481
100 _aM. Mukundan
245 _aKesavante vilapangal(കേശവൻെറ വിലാപങ്ങൾ)
260 _bD C books
_c2024
942 _cOO
999 _c115322
_d115321